Medusa's hair : an essay on personal symbols and religious experience
Saved in:
| Main Author: | |
|---|---|
| Format: | Book |
| Language: | English |
| Published: |
Chicago and London :
The University of Chicago Press,
1984
|
| Subjects: | |
| Tags: |
Add Tag
No Tags, Be the first to tag this record!
|
MARC
| LEADER | 00000nam a2200000 i 4500 | ||
|---|---|---|---|
| 001 | 1/5339 | ||
| 008 | 960528s1984 eng d | ||
| 020 | |a 0-226-61601-0 | ||
| 035 | |l 10015969 | ||
| 040 | |a GR-MY-UA |b gre |e aacr | ||
| 041 | 0 | |a eng | |
| 082 | 0 | |a 306.6 | |
| 100 | 1 | |a Obeyesekere, Gananath. | |
| 245 | 1 | 0 | |a Medusa's hair : |b an essay on personal symbols and religious experience / |c Gananath Obeyesekere |
| 260 | |a Chicago and London : |b The University of Chicago Press, |c 1984 | ||
| 300 | |a 217 p. | ||
| 504 | |a Includes index | ||
| 650 | 0 | 0 | |a Symbolism. |
| 650 | 0 | 0 | |a Hair |x Religious aspects. |
| 651 | 0 | |a Kataragama (Sri Lanka) |x Religious life and customs. | |
| 852 | |a INST |b LESVOS |e 19960528 |h 306.6 OBE |p 005100004725 |q 005100004725 |t BK |y 0 | ||
| 909 | |a Λ |b 012156 | ||